000
00264nam a22000857a 4500
008
160711b xxu||||| |||| 00| 0 eng d
100
_9
2538
_a
Harris, H.W
245
_a
The Natural History of Pulmonary Tuberculosis
260
_a
New Delhi
_b
World Health Organization
_c
2001
999
_c
2203
_d
2203